000 00676nam a2200229 a 4500
008 951122s1985||||[C 0 slo c
020 _c22 Kčs.
_q(17000 výtl.)
040 _aSNK
_bslo
_cSNK
_eAACR2
041 1 _aslo
_hger
044 _axo
_cSK
080 _a830-3
100 1 _aFrühauf, Klaus
_4aut
245 1 0 _aStromy z raja
_cKlaus Frühauf ; Evelína Radičová, Pavol Choma
250 _a1., vyd.
260 _aBratislava
_bTatran
_c1985
_eBratislava
_fPravda
300 _a231 s., 10,97 AH
_c20 cm
490 0 _aZenit
_vZv. 51.
500 _aIlustr. tit. list.
700 1 _aRadičová-Silberhornová, Evelína
_4trl
700 1 _aChoma, Pavol
_4bkd
958 _aA
999 _c10607
_d10607